| 000 | 00873nam a2200265Ia 4500 | ||
|---|---|---|---|
| 008 | 191130s1999##################000#0#eng## | ||
| 020 | _a9780815330301 | ||
| 022 | _a265182 | ||
| 040 |
_aACL _cACL |
||
| 082 | _a305.31094 MUR | ||
| 245 |
_aConflicted identities and multiple masculinities : men in the medieval west _cedited by Jacqueline Murray |
||
| 260 |
_aNew York _bGarland _c1999 |
||
| 300 | _axx, 308 p. : ill. ; 23 cm | ||
| 500 | _aIncludes Index | ||
| 650 | _aEurope - Social conditions - To 1492 | ||
| 650 | _aMasculinity - Europe - History | ||
| 650 | _aMasculinity - Europe - History - 476-1492 | ||
| 650 | _aMen - Europe - History | ||
| 650 | _aMen - Europe - History - 476-1492 | ||
| 650 | _aSex role - Europe - History | ||
| 700 | _aMurray, Jacqueline | ||
| 990 | _ae81854e7ac10000c6ad8cc44d84ea68b | ||
| 991 | _a247956 | ||
| 999 |
_c136902 _d136902 |
||